| 000 | 00759cab a2200229 4500 | ||
|---|---|---|---|
| 001 | WB2912-20 | ||
| 008 | 090401t1993 xxu||||| |||| 00| 0 eng d | ||
| 035 | _a(Sirsi) u1791 | ||
| 041 | _aeng | ||
| 245 | _aNational Trust pollution policy | ||
| 260 | _c1993 | ||
| 350 | _a0 | ||
| 490 |
_aYorkshire Post _v23 March 1993, 18(1) |
||
| 520 | _aThe National Trust`s Yorkshire officials are to conduct a study into pollution risks from their countryside properties. Problems can range from leaking septic tanks to waste paper disposal at regional offices. | ||
| 650 | _aCOUNTRY HOUSES | ||
| 650 | _aNATIONAL TRUST | ||
| 650 | _aPOLLUTION | ||
| 650 | _aWASTE DISPOSAL | ||
| 690 | _aENVIRONMENTAL AND LAND CONSULTANCY | ||
| 942 | _n0 | ||
| 948 | _c04/03/1997 | ||
| 999 |
_c1034 _d1034 |
||